书目信息 |
| 题名: |
全球化时代的中国音乐剧
|
|
| 作者: | 周映辰 著 | |
| 分册: | ||
| 出版信息: | 北京 北京大学出版社 2016 |
|
| 页数: | 203页 | |
| 开本: | 23cm | |
| 丛书名: | ||
| 单 册: | ||
| 中图分类: | J822 | |
| 科图分类: | ||
| 主题词: | 音乐剧--yin le ju--研究--中国 | |
| 电子资源: | ||
| ISBN: | 978-7-301-27391-3 | |
| 000 | 00887nam0 22002291 450 | |
| 001 | 1738638385 | |
| 005 | 20170627164708.0 | |
| 010 | @a978-7-301-27391-3@dCNY36.00 | |
| 100 | @a20161028d2016 em y0chiy50 ea | |
| 101 | 0 | @achi |
| 102 | @aCN@b110000 | |
| 105 | @aa z 000yy | |
| 106 | @ar | |
| 200 | 1 | @a全球化时代的中国音乐剧@9quan qiu hua shi dai de zhong guo yin le ju@f周映辰著 |
| 210 | @a北京@c北京大学出版社@d2016 | |
| 215 | @a203页@c图@d23cm | |
| 330 | @a本书对音乐剧“本土化”的进程进行了梳理,探讨音乐剧“本土化”的内在和外在机制,“本土化”的可能性、意义及具体路径,并对三十多年来音乐剧“本土化”的实践经验加以总结评价,以期为音乐剧在中国“本土化”实践提供理论支撑和现实借鉴。 | |
| 606 | 0 | @a音乐剧@9yin le ju@x研究@y中国 |
| 690 | @aJ822@v5 | |
| 701 | 0 | @a周映辰@9zhou ying chen@c(女,@f1974~)@4著 |
| 801 | 0 | @aCN@bTANGWEI@c20170626 |
| 905 | @b1016708-13@dJ822@e176@f6 | |
| 全球化时代的中国音乐剧/周映辰著.-北京:北京大学出版社,2016 |
| 203页:图;23cm |
| ISBN 978-7-301-27391-3:CNY36.00 |
| 本书对音乐剧“本土化”的进程进行了梳理,探讨音乐剧“本土化”的内在和外在机制,“本土化”的可能性、意义及具体路径,并对三十多年来音乐剧“本土化”的实践经验加以总结评价,以期为音乐剧在中国“本土化”实践提供理论支撑和现实借鉴。 |
| ● |
| 相关链接 |
|
|
|
|
正题名:全球化时代的中国音乐剧
索取号:J822/176
 
预约/预借
| 序号 | 登录号 | 条形码 | 馆藏地/架位号 | 状态 | 备注 |
| 1 | 1016708 | 210167086 | 第一样本阅览室/ [索取号:J822/176] | 在馆 | |
| 2 | 1016709 | 210167095 | 教育系资料室/ [索取号:J822/176] | 在馆 | |
| 3 | 1016710 | 210167102 | 教育系资料室/ [索取号:J822/176] | 在馆 | |
| 4 | 1016711 | 210167111 | 教育系资料室/ [索取号:J822/176] | 在馆 | |
| 5 | 1016712 | 210167120 | 第一借阅区/ [索取号:J822/176] | 在馆 | |
| 6 | 1016713 | 210167139 | 第一借阅区/ [索取号:J822/176] | 在馆 |